Agricultural knowledge at a glance (Record no. 6876)

MARC details
000 -LEADER
fixed length control field 00689 a2200193 4500
005 - DATE AND TIME OF LATEST TRANSACTION
control field 2008091109359.0
008 - FIXED-LENGTH DATA ELEMENTS--GENERAL INFORMATION
fixed length control field 080911t xxu||||| |||| 00| 0 eng d
010 ## - LIBRARY OF CONGRESS CONTROL NUMBER
LC control number ENG-87727
020 ## - INTERNATIONAL STANDARD BOOK NUMBER
International Standard Book Number 8189649132
Terms of availability 200.00
035 ## - SYSTEM CONTROL NUMBER
System control number EN-71260
037 ## - SOURCE OF ACQUISITION
Source of stock number/acquisition DBAD / PUB
082 ## - DEWEY DECIMAL CLASSIFICATION NUMBER
Classification number 630
245 ## - TITLE STATEMENT
Title Agricultural knowledge at a glance
Statement of responsibility, etc editors U.D. Chavan [et. al.]
260 ## - PUBLICATION, DISTRIBUTION, ETC. (IMPRINT)
Place of publication, distribution, etc Pune
Name of publisher, distributor, etc Sun Publicatiions
Date of publication, distribution, etc 2006
270 ## - ADDRESS
Address 317, Narayan Peth, Opp. Daily Prabhat
City Pune
300 ## - PHYSICAL DESCRIPTION
Extent 330 p.
Dimensions 28 cm (Pbk.)
942 ## - ADDED ENTRY ELEMENTS (KOHA)
Institution code [OBSOLETE] dpl
Koha item type Children Books
Call number prefix 630/AGR
Source of classification or shelving scheme Dewey Decimal Classification
Classification part 630
Call number suffix AGR
Holdings
Withdrawn status Lost status Damaged status Not for loan Collection code Home library Current library Date acquired Cost, normal purchase price Total Checkouts Full call number Barcode Date last seen Copy number Uniform Resource Identifier Cost, replacement price Price effective from Koha item type
      Not For Loan Non-fiction D.B.Act.Division D.B.Act.Division 11/09/2008 200.00   630 AGR EN-71260 15/09/2008 1 7382 200.00 15/09/2008 English Books

© Delhi Public Library
Hit Counter
free hit counter